Vista normal
Vista MARC
Entrada Personal Name
Número de registros utilizados en: 2
001 - CONTROL NUMBER
- control field: 25938
003 - CONTROL NUMBER IDENTIFIER
- control field: OSt
005 - DATE AND TIME OF LATEST TRANSACTION
- control field: 20230915231150.0
008 - FIXED-LENGTH DATA ELEMENTS
- fixed length control field: 230915|| aca||aabn | a|a d
040 ## - CATALOGING SOURCE
- Original cataloging agency: OSt
- Transcribing agency: OSt
100 ## - HEADING--PERSONAL NAME
- Personal name: Carman, Robert A.; Adams, W. Royce
670 ## - SOURCE DATA FOUND
- Source citation: Work cat.: (OSt)27577: Carman, Robert A.; Adams, W. Royce, Habilidad para estudiar . Guía práctica para mejorar el rendimiento escolar, Limusa